| 000 | 01073cad a22002175a 4500 | ||
|---|---|---|---|
| 001 | E150221 | ||
| 008 | 100610s2009 xxk g 000 0 eng d | ||
| 035 | _a(Sirsi) u150221 | ||
| 041 | 0 | _aeng | |
| 050 | _a693.5 $2 18 | ||
| 110 | 2 |
_aConcrete Industry Sustainable Construction Forum _95859 |
|
| 245 | 0 | 4 |
_aThe concrete industry _bsustainability performance report, 1st report _h[electronic resource] |
| 260 |
_aCamberley _bConcrete Centre _c2009 |
||
| 520 | _aSets out the sustainability performance of the UK concrete industry, discusses current action being taken and highlights the future sustainability strategy of the Concrete Industry Sustainable Construction Forum. | ||
| 590 | _aKA | ||
| 651 | 4 |
_aUnited Kingdom _y |
|
| 690 | _aBUILT ENVIRONMENT-SUSTAINABLE CONSTRUCTION | ||
| 690 | _aBUILT ENVIRONMENT-BUILDING MATERIALS-CEMENTITIOUS, CONCRETE AND MINERAL BOUND MATERIALS-CONCRETE | ||
| 856 | 4 | 0 |
_uhttps://www.sustainableconcrete.org.uk/PDF/SCS%20Performance%20Report%20FINAL.pdf _z View this item free of charge at www.sustainableconcrete.org.uk |
| 942 | _n0 | ||
| 999 |
_c110795 _d110795 |
||